Normal view
MARC view
- Jabīn̲, Zubaidah.
Entry Personal Name
001 - CONTROL NUMBER
- control field: 5611
003 - CONTROL NUMBER IDENTIFIER
- control field: NUST
005 - DATE AND TIME OF LATEST TRANSACTION
- control field: 20171024162217.0
008 - FIXED-LENGTH DATA ELEMENTS
- fixed length control field: 171024|| aca||aabn | a|a d
040 ## - CATALOGING SOURCE
- Original cataloging agency: NUST
- Transcribing agency: NUST
100 ## - HEADING--PERSONAL NAME
- Personal name: Jabīn̲, Zubaidah.
670 ## - SOURCE DATA FOUND
- Source citation: Work cat.: (NUST)0: Jabīn̲, Zubaidah., Profaisar Muḥammad Munavvar, bat̤aur Iqbāl shanās /, 2006.
